000 00518nam a22001817a 4500
003 CEME
005 20210628203526.0
008 210120b xxu||||| |||| 00| 0 eng d
020 _a9788131711309
040 _c.
082 _a658.7 CHO
100 _aChopra, Sunil, Meindl, Peter, Kalra, D. V
_966016
245 _aSupply chain management, strategy, planning, and operation
260 _aINDIA
_bPEARSON EDUCATION AISA
_c2009
300 _aXIX,643P
650 _aSUPPLY CHAIN MANAGEMENT
_919120
942 _cBK
_2ddc
999 _c574067
_d574067